[Event "Duesseldorf Nord Cup 7th GrE"]
[Site "Duesseldorf"]
[Date "2007.08.12"]
[Round "4"]
[White "Niemann, Horst"]
[Black "Bolten, Harald"]
[Result "0-1"]
[WhiteElo "1491"]
[BlackElo "1462"]
[PlyCount "57"]
[EventDate "2007.08.10"]
[EventType "tourn"]
[EventRounds "5"]
[EventCountry "GER"]
[SourceTitle "EXT 2020"]
[Source "ChessBase"]
[SourceDate "2019.10.17"]
[SourceVersion "1"]
[SourceVersionDate "2019.10.17"]
[SourceQuality "1"]

1. e4 c5 2. Nf3 Nf6 3. Nc3 Nc6 4. Bb5 Qc7 5. d4 a6 6. Be2 cxd4 7. Nxd4 g6 8. Be3 Bg7 9. Qd2 Ne5 10. Bf4 0-0 11. h3 d6 12. Bxe5 dxe5 13. Nf3 Qd8 14. Qe3 e6 15. 0-0 b5 16. Bd3 Bb7 17. Rfc1 Rc8 18. Ne2 Nh5 19. c3 Nf4 20. Bc2 Bh6 21. Kh2 Kg7 22. Ng3 Nd3 23. Ng5 Nxc1 24. Rxc1 Qe7 25. h4 f6 26. Qf3 fxg5 27. hxg5 Qxg5 28. Rh1 Qd2 29. Bb3 0-1